Top 15 Best Rated Bluey Episodes (IMDB) - Statistics

General Stats
  • This quiz has been taken 46 times
  • The average score is 6 of 15
Answer Stats
Rating Answer % Correct
9.8 Sleepytime
82%
9.6 Baby Race
50%
9.2 Bingo
46%
9.7 Cricket
46%
9.5 Onesies
43%
9.6 Camping
39%
9.2 Flat Pack
36%
9.5 Rain
36%
9.4 Fairytale
32%
9.5 Dragon
29%
9.2 Granny Mobile
29%
9.1 The Show
29%
9.2 Bumpy And The Wise Old Wolfhound
25%
9.2 Stickbird
21%
9.2 Pass The Parcel
18%
No matching quizzes found
Score Distribution
Percent of People with Each Score
Percentile by Number Answered
Your Score History
You have not taken this quiz